[Event "Olympiad-41"]
[Site "Tromsoe"]
[Date "2014.08.12"]
[Round "10.2"]
[White "Ding, Liren"]
[Black "Bacrot, Etienne"]
[Result "1/2-1/2"]
[WhiteElo "2742"]
[BlackElo "2720"]
[Annotator "Krasenkow,M"]
[PlyCount "64"]
[EventDate "2014.08.02"]
[EventType "team-swiss"]
[EventRounds "11"]
[EventCountry "NOR"]
[SourceTitle "CBM 162"]
[Source "ChessBase"]
[SourceDate "2014.09.17"]
[SourceVersion "1"]
[SourceVersionDate "2014.09.17"]
[SourceQuality "1"]
[WhiteTeam "China"]
[BlackTeam "France"]
[WhiteTeamCountry "CHN"]
[BlackTeamCountry "FRA"]

1. d4 Nf6 2. c4 g6 3. g3 Bg7 4. Bg2 O-O 5. Nc3 c5 6. d5 d6 7. Nf3 e6 8. O-O
exd5 9. cxd5 Re8 10. Bf4 Ne4 11. Nxe4 Rxe4 12. Nd2 Rxf4 {[%mdl 512]} ({The
exchange sacrifice} 12... Rb4 13. b3 $1 {is quite dangerous for Black so he
now usually prefers to sacrifice an exchange himself, obtaining a pawn and the
bishop pair.}) 13. gxf4 Bxb2 14. Rb1 Bg7 15. e4 (15. Ne4 Na6 (15... Qe7 $5 16.
Nxc5 $6 dxc5 17. d6 Qd7 18. Qd5 Na6 19. Rb3 {1-0 (31) Khotenashvili,B (2492)
-Parligras,M (2602) Dubai 2013} Qa4 $17) 16. Ng3 Nc7 17. e4 Qh4 18. e5 Qxf4 19.
exd6 {0-1 (53) Sedlak,N (2593)-Indjic,A (2430) Vrnjacka Banja 2012} Qxd6 20.
Ne4 Qf4 $13) (15. Nc4 Na6 $1 (15... b6 16. Qa4 $1 Ba6 17. e3 Bxc4 18. Qxc4 a6
19. a4 Nd7 20. Rb3 b5 21. axb5 Nb6 22. Qe2 c4 23. Rbb1 a5 24. e4 $14 {1-0 (37)
Gleizerov,E (2581)-Ornstein,A (2426) Stockholm 2003}) (15... b5 $5 16. Rxb5 Ba6
17. Qa4 Bxb5 18. Qxb5 Bf8 19. Bh3 f5 20. e4 Nd7 21. exf5 {1/2 (21) Gleizerov,E
(2565)-Indjic,A (2451) Paracin 2012}) 16. e4 Rb8 17. a4 (17. Qa4 Bh6 18. f5 Bf4
19. Rb3 Bd7 20. Qa3 Nb4 21. Rf3 b5 22. Rxf4 bxc4 $44 {1/2 (48) Daanen,A (2157)
-Skeels,J (2155) Lechenicher SchachServer 2012}) 17... Nb4 18. Qf3 (18. Re1 b6
19. e5 dxe5 20. Nxe5 Bf5 21. Rxb4 Bxe5 22. fxe5 cxb4 23. Qd4 a5 {0-1 (53) Cori
Tello,J (2487)-Lupulescu,C (2614) Istanbul 2012}) 18... b6 19. Rbc1 Ba6 20.
Rfe1 Na2 21. Rc2 Nb4 22. Rcc1 Na2 23. Rc2 Nb4 24. Rcc1 Na2 {1/2 (24) Lagno,K 
(2543)-Hou,Y (2618) Khanty-Mansiysk 2014}) (15. Re1 {doesn't bring White any
real benefit, e.g.} Na6 (15... Bh6 16. e3 Na6 17. Nc4 Rb8 18. Qd2 b6 19. Rb3
Qf6 20. Qb2 Qxb2 21. Rxb2 Nb4 $132 {1/2 (103) Gretarsson,H (2509)-Yu,Y (2688)
Reykjavik 2013}) (15... Nd7 16. Nc4 {1-0 (35) Belov,V (2587)-Khalifman,A (2643)
Khanty-Mansiysk 2007} (16. e4 {- game}) 16... Nb6 $1 {is good for Black, too})
16. e4 (16. e3 Nc7 17. a4 b6 18. Qb3 Qf6 19. Ne4 Qe7 $13 {1/2 (55) Tomashevsky,
E (2733)-Yu,Y (2656) St Petersburg 2012}) 16... Bh6 17. e5 Bxf4 18. e6 Qe7 19.
Nc4 {1-0 (29) Meyner,H (2394)-Vesely,E (2222) Lechenicher SchachServer 2013}
fxe6 20. dxe6 Nc7 $13) 15... Nd7 (15... Qh4 16. Qf3 $5 Bh6 $140 17. Qg3 $1 Qxf4
18. Nc4) (15... Bh6 $5 16. Qf3 Nd7 17. Nc4 Nb6 18. Ne3 Qf6 19. f5 Bxe3 20. Qxe3
gxf5 21. Qf4 Nc4 22. Rb3 Ne5 23. exf5 Kh8 $13 {0-1 (60) Michalik,P (2511)
-Huschenbeth,N (2510) Merlimont 2011}) 16. Re1 (16. Qf3 b5 17. Rfe1 a6 $15 (
17... Ba6 $2 18. Qa3 $1 {1-0 (48) Eljanov,P (2723)-Sjugirov,S (2653) Yerevan
ARM 2014}) 18. e5 $6 dxe5 19. d6 Rb8 20. Qc6 Bb7 21. Qc7 Bxg2 22. Qxd8+ Rxd8
23. Kxg2 Bh6 24. a4 Bxf4 $19 {0-1 (31) Kobo,O (2365)-Rausis,I (2578) Riga LAT
2014}) (16. Nc4 Nb6 $1 17. Nxb6 axb6 18. Qb3 Bh6 19. f5 Bf4 20. Qxb6 Qh4 21. h3
gxf5 $17 {1/2 (38) Michalik,P (2557)-Repka,C (2379) Prievidza SVK 2014}) 16...
Bh6 17. e5 (17. Qf3 Qh4 18. Qg3 {is now less effective than without Re1 Nd7:}
Qf6 (18... Qxf4 19. Nc4 Qxg3 20. hxg3 Bf8 21. f4 $13) 19. e5 Qxf4 20. Ne4 dxe5
21. Nd6 c4 $1 $132) 17... Bxf4 18. e6 Ne5 19. Re4 Qf6 (19... g5 $5 20. Nc4 Nxc4
21. Rxc4 Qf6 $13) 20. e7 $1 Bg4 $5 (20... Qxe7 21. Rxf4 Qg5 22. Rf3 Nxf3+ 23.
Nxf3 {may be insufficient for equality; White's knight is probably more
valuable than Black's pawns.}) 21. Qa4 Bxd2 22. e8=Q+ Rxe8 23. Qxe8+ Kg7 24.
Rxb7 c4 {White has two extra exchanges but Black's passed pawn, bishop pair,
and the unsafe position of White's king provide sufficient compensation.} 25.
f4 $6 {A risky sacrifice of another pawn.} ({White had a forced line leading
to a draw:} 25. Rxe5 dxe5 26. Rb8 Kh6 27. Qf8+ Kg5 28. Rb7 c3 $1 29. Be4 Qf4
30. Rxf7 Qxe4 31. Qe7+ Kh5 32. Rxh7+ Bh6 33. Rxh6+ Kxh6 34. Qh4+ Kg7 35. Qe7+
$11) (25. Rb8 $143 Kh6 26. Rxe5 Qxe5 $5) 25... Bxf4 26. Rb8 Kh6 27. Qd8 Qf5 $6
{Black misses a subtle possibility:} (27... Qg5 $1 28. h4 (28. Qxg5+ Bxg5 {
[%cal Rc4c3]}) 28... Be3+ $1 29. Kh1 Qxd8 30. Rxd8 Bc5 {, and White must fight
hard for a draw.}) 28. h3 Bh5 29. Qc8 Qf6 30. Qd8 Qf5 (30... Qxd8 31. Rxd8 Kg5
32. Rxd6 {is risky for Black so he must repeat moves.}) 31. Qc8 Qf6 32. Qd8 Qf5
1/2-1/2

[Event "Gibraltar Masters 10th"]
[Site "Caleta"]
[Date "2012.02.02"]
[Round "10"]
[White "Sasikiran, Krishnan"]
[Black "Short, Nigel D"]
[Result "0-1"]
[WhiteElo "2700"]
[BlackElo "2677"]
[Annotator "Marin,M"]
[PlyCount "100"]
[EventDate "2012.01.24"]
[EventType "swiss"]
[EventRounds "10"]
[EventCountry "GGB"]
[SourceTitle "CBM 147"]
[Source "ChessBase"]
[SourceDate "2012.03.16"]
[SourceVersion "1"]
[SourceVersionDate "2012.03.16"]
[SourceQuality "1"]

1. d4 Nf6 2. c4 e6 3. g3 c5 4. d5 exd5 5. cxd5 d6 6. Nc3 g6 7. Bg2 Bg7 8. Nf3
O-O 9. O-O {In his best days of glory, about two decades ago, Nigel was mainly
known as a classical player. After so many years of experience, he seems to
have widened his arsenal a lot. From this point of view, it is interesting to
follow the way he treats a hyper-modern opening.} Nbd7 $5 {Usually, this move
is played after inserting 9...a6 10.a4. In most of the cases, it leads to a
transposition anyway, but this will not be the case here. Before moving on, I
would make some general remarks. In the fianchetto Benoni, the old fluent plan
based on Nd2-c4 offers Black good chances for counterplay. The lines based on
Bf4 (with or without a previous h2-h3) are more disturbing. As we will see,
the omission of ...a6 is aimed to meet this plan more flexibly than in the
main lines. The temporary knight's stability on b6 is essential.} 10. a4 {
Probably hoping for a transposition with 10...a6.} (10. Bf4 {may lead to
interesting play after the slightly unusual} Nb6 {The knight's presence on
this square is temporary. He will jump to c4 soon, leaving the f4-bishop with
problems finding a good square (except for the initial one) after ...Nh5.
Later, the queen's knight may re-enter the normal paths with ...Ne5.} 11. a4 (
11. Nb5 {is not dangerous:} a6 12. Nxd6 Nfxd5 13. Nxc8 Rxc8 {Black has
completed his development and has active play. The white bishop is exposed and}
14. Bg5 {doesn't solve the problem after} Qe8 $5 {preventing e2-e4 and
threatening ...h6.}) 11... Nh5 12. Bg5 f6 13. Bc1 Nc4 14. e4 f5 15. Qe2 Ne5 {
Finally, we reached familiar Benoni patterns.} 16. Nxe5 Bxe5 17. f4 ({The
attempt to win material at the cost of weakening the king's position is known
to be dangerous in the fianchetto Benoni:} 17. exf5 Bxf5 18. g4 Qh4 19. h3 Bd7
20. gxh5 Bxh3 21. f4 Bd4+ 22. Be3 Rae8 23. Nd1 Bxg2 24. Kxg2 g5 $5 $40 25. Rh1
Qxf4 $1 $17) 17... Bd4+ 18. Be3 Re8 $132 {Harika,D (2473)-Iturrizaga Bonelli,E
(2528) Wijk aan Zee 2009 (1/2, 49)}) (10. h3 {is too slow under the given
circumstances and does not bother Black:} Re8 11. Bf4 Nb6 12. Re1 Bf5 13. Bg5
Qd7 14. Kh2 Ne4 15. Nxe4 Bxe4 $17 {Koehler,A-Horvath,T (2410) Haarlem 1996 
(1-0, 48)}) 10... h6 $146 ({At this height of the strategic battle, this move
is more useful than} 10... a6 {. The main point is that in some cases Black
will be able to chase the f4-bishop away with ...Nh5, without fearing Bg5. As
an experienced Benoni player, I am impressed by Nigel's opening concept.}) 11.
Qc2 {White gives up the idea of playing Bf4 completely.} (11. Bf4 Qe7 12. Nb5 {
This is not too effective, but other moves allow Black release the pressure
effortlessly.} (12. Re1 Ng4) (12. h3 Nh5) 12... Ne8 {Followed by ...a6, ...f5,
...g5, with black counterplay.}) 11... Qe7 12. Ra3 {A somewhat mysterious move,
preparing b2-b3. The rook will eventually have to retreat later.} (12. e4 Ng4
$5) 12... a6 13. Nd2 Rb8 14. a5 (14. Nc4 {allows Black to free himself with}
Ne5 15. Nb6 Nfd7) ({White's initial intention migh have been} 14. Rb3 {
preventing ...b5. It seems that Black can regroup properly with} Re8 15. h3 Qd8
16. e4 (16. Nc4 Ne5) 16... Qc7 {The permanent threat ...c4 questions White's
queenside stability.}) 14... b5 15. axb6 Nxb6 16. b3 {The opening is basically
over and we enter a typical Benoni middlegame, with approximately even chances.
} Ng4 17. Bb2 f5 18. e3 g5 19. Raa1 {White aims to complete his regrouping
with Rae1. The rook manoeuvre cannot be considered a loss of time (if compared
to 12.Rb1, for instance) since Black will also have to spend two tempi with
his queen's bishop in order to mobilize his queen's rook.} Bb7 {There wasn't
any other way to connect rooks, since the a6-pawn needs defence.} 20. Rae1 Rbe8
21. h3 Ne5 22. f4 Ng6 {Black's position remains entirely satisfactory, but one
can feel that White's control in the centre is superior.} 23. Kh2 (23. Nc4 {
is probably premature because of} Nxc4 24. bxc4 Bc8 {Followed by ...Bd7 and ...
a5, when the a-pawn may become molesting.}) 23... gxf4 $6 {This exchange
eventually turns out well, but may be premature objectively.} ({He should have
completed his regrouping with} 23... Bc8 {White could put up some pressure with
} 24. Bf3 {followed by Bh5, but the game would have remained complicated.}) 24.
gxf4 $6 {A curious decision, weakening the kingside.} ({The critical
continuation is} 24. exf4 Qxe1 (24... Qf7 25. Nc4 $16) 25. Rxe1 Rxe1 26. Nc4
Nxc4 (26... Bd4 27. Ne2) 27. bxc4 $44 {Black has a small material advantage
but his control over the e-file doesn't yield anything concrete yet. The black
knight and the b7-bishop are passive. The white queen's high mobility (Qb3-b6,
for example) could endanger the imperfectly coordinated black army.}) 24... Kh7
25. Nc4 Nxc4 26. bxc4 Bc8 {Black's position is more appealing already. He can
build up a slow kingside attack using the open g-file and the h4-square.} 27.
Rf3 Rg8 28. Rg1 Bf6 $15 29. Bh1 $2 {After this careless move, the game is
basically over.} (29. Bf1 Bd7) (29. Ne2 Bxb2 30. Qxb2 Nh4 31. Rg3 a5) 29... Ne5
$1 $17 30. Rfg3 (30. fxe5 Bxe5+ 31. Rf4 Rxg1 32. Kxg1 Qg5+ $19) 30... Rxg3 31.
Rxg3 Nxc4 32. Bc1 Bh4 33. Rf3 Qg7 34. Ne2 Nb6 {Black has won an important pawn
and retains a positional advantage. White's desperate attempt to create
counterplay makes things even simpler for Black.} 35. e4 $6 Rxe4 36. Rb3 Re8
37. Bf3 Bf2 38. Bg4 Qg6 39. Rxb6 fxg4 40. Qxg6+ Kxg6 41. Rxd6+ Kf7 42. Ng3 Re1
43. Bd2 Rg1 44. Rf6+ Kxf6 45. Ne4+ Kf7 46. Nxf2 Ra1 47. hxg4 Ra2 48. Be3 Bxg4
49. Kg3 Bf5 50. Bxc5 Ra5 0-1

[Event "Sofia MTel Masters 5th"]
[Site "Sofia"]
[Date "2009.05.20"]
[Round "7"]
[White "Wang, Yue"]
[Black "Ivanchuk, Vassily"]
[Result "1/2-1/2"]
[WhiteElo "2738"]
[BlackElo "2746"]
[Annotator "Marin,M"]
[PlyCount "68"]
[EventDate "2009.05.13"]
[EventType "tourn"]
[EventRounds "10"]
[EventCountry "BUL"]
[EventCategory "21"]
[SourceTitle "CBM 131"]
[Source "ChessBase"]
[SourceDate "2009.07.15"]
[SourceVersion "1"]
[SourceVersionDate "2009.07.15"]
[SourceQuality "1"]

1. d4 Nf6 2. c4 e6 3. g3 c5 4. d5 exd5 5. cxd5 d6 6. Nc3 g6 7. Bg2 Bg7 8. Nf3
O-O 9. O-O {Once considered to be just solid but inoffensive, the fianchetto
variation has been causing Black lots of troubles lately.} Re8 (9... Nbd7 10.
h3 a6 11. a4 Rb8 12. Bf4 Ne8 $5 (12... Qe7 {Bareev,E (2653)-Alekseev,E (2716)/
Khanty-Mansiysk 2007/CBM 122/[Marin,M] (1/2, 30)}) 13. Rc1 {Grischuk,A (2748)
-Bacrot,E (2728)/Nalchik 2009/CBM 130/[Marin] (1-0, 56)}) (9... a6 10. a4 Re8
11. Bf4 Ne4 {Aronian,L (2759)-Carlsen,M (2693)/Elista 2007/CBM 119/[Marin,M] 
(1-0, 66)}) 10. Bf4 Na6 (10... Bg4 11. Nd2 $146 Nh5 12. Be3 Nd7 $5 {A creative
way to solve the opening problems. Topalov is ready to sacrifice material in
order to get his knight to e5 and weaken the enemy kingside.} 13. h3 Bxh3 14.
Bxh3 Nxg3 15. fxg3 Rxe3 {Eljanov,P (2692)-Topalov,V (2780)/Wijk aan Zee 2008/
CBM 122/[Marin,M] (1-0, 46)}) 11. Re1 Bg4 ({The dubious experiment} 11... Bf5
$6 $146 {only worked for one game, Gleizerov,E (2552)-Marin,M (2551)/Predeal
2007/CBM 121/[Marin,M] (1/2, 30)}) 12. h3 Bxf3 13. Bxf3 Nd7 $5 {Black
immedtately places his knight on a favourable route.} ({In my notes to the
aforementioned game against Gleizerov, I have expressed my doubts about
Black's position after the approved} 13... Qd7 {Sargissian,G (2642)-Stellwagen,
D (2605)/Dresden 2008/CBM 128/[Ftacnik] (1-0, 37). Apparently, Black is
developed harmoniously, but his kingside pieces are frozen. In the meanwhile
there was another game which more or less confirmed my evaluation, although
its course was slightly different than my lines.}) 14. e4 {This move does not
question Black's strategy in any way. White occupies the centre, but weakens
the d3-square and gives Black an important tempo to complete his development.
Other neutral moves have been played, leading to similar play, where Black is
fine.} (14. Qb3 Ne5 15. Bg2 Rb8 16. Nb5 Qb6 17. Be3 Nc7 18. Nc3 Qa6 19. a4 Qc4
$132 {Carron,J (2345)-Cvitan,O (2539)/Biel 2006/CBM 113 ext (0-1, 52)}) (14.
Bg2 Ne5 15. Ne4 b5 $6 (15... h6 $5 16. g4 Qe7) 16. g4 Nc7 $6 (16... h6 $5) 17.
Bg5 $1 f6 18. Bh4 $14 Qe7 $2 19. Nxc5 $1 $16 {Georgiev,V (2576)-Ivanisevic,I 
(2607)/Crete 2007/CBM 121 (0-1, 41)}) ({Personally, I would be afraid of} 14.
Bxd6 {, which offers White excellent compensation for the exchange after} Qb6
15. Bf4 Qxb2 16. Ne4 Qxa1 17. Qxa1 Bxa1 18. Rxa1 $44 {[%csl Ra6,Gd5,Ge2,Gf3,
Gf4]}) 14... Qe7 {It is slightly strange that until the end of the game
Ivanchuk will refrain from occupying the e5-square with the knight. It could
be that in Sofia he had slight problems to chose the optimal placement for the
knights, see also his Ruy Lopez loss against Topalov.} (14... Ne5 $5 15. Be2 (
15. Bg2 c4 $15 {[%csl Gd3][%cal Ga6c5]}) 15... Nc7 {[%cal Gd8d7,Yd7b5,Yd7h3,
Gb7b5,Gg1g2]} 16. Kg2 (16. a4 Na6 $132) 16... Rb8 (16... Qd7 17. a4 Na6 $2 18.
Bb5 $18) 17. a4 Na6 $132 {[%cal Ga6b4]}) 15. Bg2 Nc7 16. a4 a6 17. Bf1 $1 {
A typical regroupment.} (17. a5 $6 {leaves the b5-square undefended.} Nb5 $132)
17... Rab8 18. Kg2 (18. a5 b5 19. axb6 Rxb6 $132) 18... Bd4 $14 {Black admits
that something has gone wrong in the previous phase and starts waiting,
relying on the solidness of his position.} ({The problem is that the queenside
counterplay with} 18... b5 $6 {offers White strong initiative after} 19. axb5
axb5 20. Ra7 $36) 19. Qd2 Nf6 20. Bg5 Qf8 21. Bh6 Qe7 22. Bg5 Qf8 23. Bh6 Qe7
24. f3 {This looks too passive. White does not seem to have much against a
peacefull result.} (24. Bd3 $1 $14 {[%cal Gc3e2,Gf2f4] would have been a more
ambitious way to defend the e4-pawn.}) 24... Nd7 25. h4 Qf6 26. Bg5 Qg7 27. Bh6
Qf6 28. Bg5 Qg7 29. Bf4 Qf6 30. g4 Be5 31. Bg5 Qg7 32. Bh6 Qf6 33. Bg5 Qg7 34.
Bh6 Qf6 1/2-1/2